| 000 | 00383cam a2200169 4500 | ||
|---|---|---|---|
| 001 | D12354 | ||
| 008 | 090401t1948 xxu||||| |||| 00| 0 eng d | ||
| 035 | _a(Sirsi) u2823 | ||
| 041 | _aeng | ||
| 100 | _aCave, J. Otway | ||
| 245 | 4 | _aThe Auctioneers & Surveyors handbook | |
| 260 |
_bF P Wilson _c1948 |
||
| 350 | _a0 | ||
| 520 | _aShelf 114 | ||
| 942 | _n0 | ||
| 948 | _c04/03/1997 | ||
| 999 |
_c85816 _d85816 |
||